000 01201nam a22002537a 4500
001 74057
003 BD-RjUL
005 20211209082502.0
008 180207b xxu||||| |||| 00| 0 eng d
020 _a9879644393112
_cTK. 100
035 _a(BD-RjUL)74275
040 _aBD-RjUL
_beng
_cBD-RjUL
041 _aben
082 _223
_a891.553
_bJAA 2008
100 _aজামালযাদে, মোহাম্মদ আলী
_9220088
245 1 0 _aএকদা এক সময়
_b(আ্ধুনিক ফার্সী সাহিত্যের প্রথম ছোট গল্প সংকলন) /
_cমোহাম্মদ আলী জামালযাদে ; অনুবাদ আবদুস সবুর খান
260 _aইরান :
_bআল হুদা আন্তর্জাতিক প্রকাশনা সংস্থ ,
_c২০০৮
300 _a১১০ পৃ. :
_bছবি ;
_c২২ সেমি।
650 _aফার্সী
_vউপন্যাস
_9220089
650 _aChildren's stories,
_zPersian.
_9220090
650 _a fiction.
_zPersian.
_9220091
700 _aখান, আবদুস সবুর
_9220094
942 _2ddc
_cBK
999 _c74057
_d74057